00492 2200193 4500001002100000005001700021008004100038035002400079040001200103082001100115090001800126100001800144245005200162260002600214300002500240650000900265850001200274990001200286YOGYA-0612000000080220120612184448.0 eng  0010-061200000000800 aYOPDYOG a796.35 a796.35bFow T aFowlie, Peter aThe technique of the golf swing /cPeter Fowlie aLondonbNethuenc1934 aXIII, 117 hlmc19 cm aGolf aYOPDYOG a47316-a